Library Logo

Pioneer International University Library Catalogue

41 A PORTRAIT OF MY FATHER (Record no. 9846)

MARC details
000 -LEADER
fixed length control field 00382nam a22001457a 4500
003 - CONTROL NUMBER IDENTIFIER
control field OSt
005 - DATE AND TIME OF LATEST TRANSACTION
control field 20251121105759.0
008 - FIXED-LENGTH DATA ELEMENTS--GENERAL INFORMATION
fixed length control field 251121b |||||||| |||| 00| 0 eng d
020 ## - INTERNATIONAL STANDARD BOOK NUMBER
International Standard Book Number 9780553447781
040 ## - CATALOGING SOURCE
Transcribing agency CROWN PUBLISHERS
050 ## - LIBRARY OF CONGRESS CALL NUMBER
Classification number E 883 .B87 2014
245 ## - TITLE STATEMENT
Title 41 A PORTRAIT OF MY FATHER
Statement of responsibility, etc. BUSH, GEORGE W.
260 ## - PUBLICATION, DISTRIBUTION, ETC.
Place of publication, distribution, etc. NEW YORK
Name of publisher, distributor, etc. CROWN PUBLISHERS
Date of publication, distribution, etc. 2014
942 ## - ADDED ENTRY ELEMENTS (KOHA)
Source of classification or shelving scheme Dewey Decimal Classification
Koha item type Books
Suppress in OPAC No
Holdings
Withdrawn status Lost status Source of classification or shelving scheme Damaged status Not for loan Home library Current library Date acquired Total checkouts Barcode Date last seen Price effective from Koha item type
    Library of Congress Classification     PIU Library PIU Library 11/21/2025   PIUDL755 11/21/2025 11/21/2025 Books